[Event "Hamburg-ch int"]
[Site "Hamburg"]
[Date "1999.05.29"]
[Round "8.1"]
[White "Mueller, Karsten"]
[Black "Kempinski, Robert"]
[Result "0-1"]
[WhiteElo "2558"]
[BlackElo "2533"]
[Annotator "Mueller,Karsten"]
[PlyCount "64"]
[EventDate "1999.05.22"]
[EventType "swiss"]
[EventRounds "9"]
[EventCountry "GER"]
[SourceTitle "CBM 072"]
[Source "ChessBase"]
[SourceDate "1999.10.01"]
[SourceVersion "1"]
[SourceVersionDate "1999.10.01"]
[SourceQuality "1"]

{Vor der Partie hatte ich einen vollen Punkt Rückstand auf die beiden
Führenden GM Sune Berg Hansen und GM Robert Kempinski, so daß ich sehr
kämpferisch gestimmt war und alles daran setzen wollte, den ganzen Punkt zu
machen. Allerdings lief es nicht so wie gewünscht, doch der Reihe nach: 
Gleich zu Beginn der Runde ereignete sich eine Besonderheit. Die Uhren liefen
bereits seit einer Minute, doch es wollte einfach keine Ruhe im Turniersaal
einkehren. Da wurde es dem dienstältesten teilnehmenden Großmeister Lubomir
Ftacnik zu bunt, und er rief die Spieler mit "Seid Ihr alle bescheuert ?" zur
Ordnung. Darauf wurde es mit einem Schlag still, und es konnte losgehen:} 1. e4
c5 2. Nf3 d6 3. d4 cxd4 4. Nxd4 Nf6 5. Nc3 a6 6. Bc4 e6 7. Bb3 Be7 8. g4 Nc6 (
8... d5 {und}) (8... h6 $5 {werden ebenfalls recht häufig gespielt.}) 9. g5
Nxd4 10. Qxd4 Nh5 (10... e5 $6 11. Qd3 Nd7 12. Qg3 Nc5 13. Be3 Nxb3 14. axb3
Be6 15. f4 exf4 16. Bxf4 Qc7 17. O-O-O Rd8 18. h4 $36 {1-0 Velimirovic,
D-Radakovic,S/JUG-Cup qual Arandjelovac 1991/TD 91\07 (37)}) 11. Rg1 b5 (11...
O-O 12. Be3 b5 13. O-O-O $13 {0-1 Zapata,A-Sunye Neto,J/Linares 1992/EXP 33 
(43)}) (11... Qa5 $6 12. Be3 Bd7 13. O-O-O Bc6 14. Kb1 Rc8 15. f4 $36 {1-0
Hracek,Z-Chmiel,P/Karvina 1989/EXT 89op (26)}) 12. Be3 Bd7 13. O-O-O a5 14. a3
(14. e5 {kam auch hier bereits in Betracht, doch hat Schwarz nach} a4 15. exd6
(15. Bxe6 $5 fxe6 16. exd6 Bf8 $13) 15... axb3 (15... Bf8 $2 16. Nxb5 Bxb5 17.
Bc4 Bc6 18. Be2 $18) 16. dxe7 Qxe7 {Gegenspiel.}) (14. a4 {gefiel mir wegen
der Linienöffnung am Damenflügel nicht, z.B.} bxa4 15. Bxa4 Rb8 $132) 14... Rb8
15. e5 $5 d5 16. Nxd5 {[%mdl 512] hält den schwarzen König unter Figurenopfer
im Zentrum fest} exd5 17. Qxd5 {Ftacnik: White has a perfect development, two
pawns and dispaced black knight as a compensation for the sacrificed piece.
Black must play very carefully.} Rf8 $8 18. e6 $1 ({Nach} 18. Qe4 Qc8 $1 19.
Qxh7 Bf5 (19... g6 $2 20. Rxd7 Qxd7 21. e6 Qc6 22. Rd1 $18) 20. g6 fxg6 21.
Rxg6 {hält} Qc6 $3 {den Laden zusammen.} (21... a4 $2 22. Qxh5 axb3 $2 23.
Rxg7+ Rf7 24. Qxf7#)) 18... fxe6 (18... Bxe6 $2 19. Qf3 Qc8 20. Bxe6 Qxe6 21.
Bc5 $1 $18) 19. Qe4 $2 (19. Qe5 $1 {was Tf5 provoziert, war notwendig. Nun ist
der weiße Angriff sehr gefährlich:} Rf5 (19... Rb6 $2 20. Rxd7 Kxd7 $2 (20...
Qxd7 21. Bxb6 $16) 21. Rd1+ Rd6 $2 22. Bxe6+ Kc6 $6 23. Qc5+ Kb7 24. Rxd6 Qxd6
25. Qa7+ Kc6 26. Qb6#) (19... Rb7 $2 20. Bxe6 Qc8 21. Rxd7 Rxd7 22. Qxb5 Qb7
23. Qa4 Bd6 24. Rd1 Nf4 25. Bxd7+ Qxd7 26. Qxd7+ Kxd7 27. Bc5 $18) (19... Kf7
$2 20. Rge1 Qc8 21. g6+ hxg6 22. Ba7 Rb7 23. Rxd7 $18) (19... Rc8 $2 20. Bxe6
Rxc2+ 21. Kb1 Rc7 22. Rxd7 Rxd7 23. Qxb5 $18) 20. Qe4 e5 21. Qd5 (21. Bg8 $6 g6
22. Bxh7 Kf7 23. Qd5+ Kg7 24. Bxg6 Kxg6 25. Qxd7 Qxd7 26. Rxd7 Re8 $15) 21...
Qc7 (21... Nf4 $2 22. Bxf4 Rxf4 23. Qxe5 Rf5 24. Qxg7 $40) (21... Rf8 $2 22.
Qxe5 Rb7 (22... Rc8 23. Be6 Rxc2+ 24. Kb1 Rc7 25. Rxd7 Rxd7 26. Qxb5 $18) 23.
g6 hxg6 24. Qe4 $18) (21... Qc8 $2 22. Qg8+ Rf8 23. Qxh7 Nf4 24. Bxf4 Rxf4 (
24... Bf5 $2 25. g6 a4 $2 26. Bf7+ Rxf7 27. gxf7+ Kxf7 28. Rxg7+ $18) 25. Qxg7
$40) 22. Qg8+ Rf8 (22... Bf8 $2 23. Rxd7 Qxd7 24. Be6 $18) 23. Qxh7 Nf4 24.
Bxf4 Rxf4 25. Qxg7 $40 {denn auf} Rxf2 $2 {gewinnt} 26. Qh8+ Rf8 (26... Bf8 27.
Rgf1 Rxf1 28. Rxf1 Qc5 29. Rxf8+ Qxf8 30. Qxe5+ $18) 27. Qh5+ Kd8 28. g6 $18)
19... Qc7 20. Rxd7 ({Auch nach} 20. Qxh7 {steht Schwarz besser, z.B.} Nf4 21.
Rg4 Bd6 22. Qxg7 a4 23. Ba2 b4 24. axb4 Rxb4 25. Bxf4 Rbxf4 $17) 20... Qxd7 (
20... Kxd7 21. Rd1+ Ke8 22. Bxe6 {ist Zugumstellung zur Partie.}) 21. Bxe6 Qc7
22. Rd1 {[%tqu "De","Wie soll Schwarz sich verteidigen ?","Der Springer h5
hängt nach wie vor etwas in der Luft...","Es ist ein Bauernzug.","g7g6",
"Festigt die schwarze Stellung so nachhaltig, daß Weiß nicht mehr weiterkommt.
",5]} g6 $1 {[%mdl 256]} (22... Rd8 $2 23. Rxd8+ Bxd8 24. Bc4+ Qe7 25. Bxb5+
Kf7 26. Bc4+ Ke8 27. Qd5 $18) (22... b4 $2 23. Bb3 Rd8 24. Ba4+ Kf7 25. Rxd8
Rxd8 (25... Qxd8 26. Qxh7 $18) 26. Qxh7 Bd6 27. Qxh5+ Ke7 28. g6 $16) (22...
Rb7 $2 23. Bd5 Rb6 24. Bxb6 Qxb6 25. Bc6+ Kf7 26. Qd5+ Kg6 27. Qe6+ $18) (22...
Nf4 $2 23. Bd7+ Qxd7 24. Rxd7 Ne2+ 25. Kd2 Kxd7 26. Kxe2 $16) 23. a4 $2 {
ist zu ambitioniert.} (23. Bd7+ {hätte ich spielen sollen, auch wenn die
schwarzen Gewinnchancen nach} Qxd7 24. Rxd7 Kxd7 25. Qd5+ Kc7 26. Bd2 Rb7 $1
27. Bxa5+ Kb8 {recht gut sein sollten.}) 23... Rf4 $1 24. Qd5 $2 (24. Bd7+ Kf8
25. Bxf4 Qxf4+ 26. Qxf4+ Nxf4 $17 {oder}) (24. Bxf4 Qxf4+ 25. Qxf4 Nxf4 26.
Bd7+ Kf7 27. Bxb5 Bxg5 $17 {wäre zäher gewesen.}) 24... Rxa4 $19 {den Rest
hätte ich mir besser schenken sollen...} 25. Kb1 Nf4 26. Qb3 Rb4 27. Qa2 Rd8
28. Re1 Ra4 29. Qb3 Nxe6 30. Qxe6 Qc4 31. Bc5 Qxe6 32. Rxe6 Rd1# 0-1

[Event "POL-chT 66th"]
[Site "Katowice"]
[Date "2010.09.12"]
[Round "9"]
[White "Tomczak, Jacek"]
[Black "Wojtaszek, Radoslaw"]
[Result "1/2-1/2"]
[WhiteElo "2533"]
[BlackElo "2711"]
[Annotator "Primel,D"]
[PlyCount "116"]
[EventDate "2010.09.04"]
[EventType "team-tourn"]
[EventRounds "9"]
[EventCountry "POL"]
[SourceTitle "EXT 2016"]
[Source "ChessBase"]
[SourceDate "2015.10.08"]
[SourceVersion "1"]
[SourceVersionDate "2015.10.08"]
[SourceQuality "1"]
[WhiteTeam "Poznan Pocztowiec"]
[BlackTeam "Wroclaw Polonia"]
[WhiteTeamCountry "POL"]
[BlackTeamCountry "POL"]

1. e4 c5 2. Nf3 d6 3. d4 cxd4 4. Nxd4 Nf6 5. Nc3 a6 (5... e6 6. Bc4 Be7 7. Be3
O-O 8. Bb3 Na6 9. f4 Nc5 10. Qf3 a5 {C'est l'intérêt de jouer 5. d6 au lieu
de a6} 11. a4 {[%csl Rb4]} (11. O-O-O) 11... e5 12. Nf5 Bxf5 13. exf5 e4 14.
Qh3 d5 15. O-O-O (15. Rd1 Nxb3 16. cxb3 Rc8 17. O-O h5) 15... Nxb3+ 16. cxb3
Rc8 17. Kb1 (17. Bd4 Bc5 $132) 17... Rxc3 {Fedorov,V-Sakaev,K URS-ch U18 Pinsk
1989 0-1}) 6. Bc4 e6 7. Bb3 (7. O-O) 7... Nbd7 {[%cal Gd7c5,Gc5b3]} (7... b5 {
La grande ligne dans cette variante Sozine} 8. O-O Be7 9. Qf3 Qb6 (9... Qc7)
10. Be3 Qb7 11. Qg3 b4 12. Na4 Nbd7 13. f3 O-O 14. Rfd1 Ne5 15. a3 bxa3 16.
Rxa3 Bd7 17. Ne2 Bb5 18. Nec3 Nfd7) (7... Be7 {L'alternative} 8. O-O (8. f4 O-O
9. O-O (9. f5 exf5 10. Nxf5 Nxe4 (10... Bxf5) 11. Nh6+ gxh6 12. Nxe4 Bh4+ 13.
Kf1 $14 {Ehlvest}))) 8. O-O (8. f4 Nc5 9. f5 (9. O-O)) 8... Nc5 {[%cal Gc5b3,
Gc5e6] Le plan de cette variante Nbd7 est bien sur d'échanger le Bb3 mais les
Noirs ne doivent pas se presser de faire cet échange au risque d'être en
retard de développement et le Nc5 est aussi utile dans la protection de la
case sensible "e6"} 9. Qe2 (9. f4 Be7 10. f5) 9... Be7 10. f4 O-O 11. Kh1 (11.
f5 e5 12. Nf3 Nxb3 $11) 11... Bd7 $5 $146 {Une nouveauté intéressante: le
Bd7 est un peu passif mais il contrôle la case "a4" tout en protégeant le
point faible "e6"} (11... Re8 12. f5 {Marjan,D (2235)-Gligoric,S (2575) Novi
Sad 1976 (11) 0-1}) (11... Qc7 12. e5 dxe5 13. fxe5 {Manor,I (2465)-Kaspi,A 
(2415) Maccabiah Netanya 1993 (5) 1-0}) 12. e5 $1 (12. f5 b5 $132 (12... e5))
12... Ne8 (12... Nxb3) 13. Ne4 Nxb3 14. axb3 Qc7 $11 15. c4 $5 {[%csl Gd5]}
dxe5 16. fxe5 Qxe5 17. Bf4 $1 Qxd4 18. Rad1 Qxd1 (18... Qa7 19. Rxd7 Bb4 20.
Be3 Qb8 21. Qh5 $18 {[%cal Ge4g5,Ge4f6,Gf1f3,Gf3h3]}) 19. Rxd1 Bc6 {[%csl Gc6]
Si les Noirs arrivent à lier les R, la paire de B peut leur donner beaucoup
d'activité} 20. Be5 $1 {[%cal Ge5g7,Gd1d3,Gd3h3] Avec un meilleur
développement, les Blancs doivent attaquer à l'aile-roi} (20. Rd3 Rd8 $11 {
[%csl Rh1]}) 20... f6 $1 21. Bd6 $6 {Entraine une simplification qui va
permettre aux Noirs de lier les R} Bxd6 22. Nxd6 Nxd6 23. Rxd6 e5 $36 {[%csl
Ge5]} 24. Kg1 e4 (24... Rad8) 25. b4 $1 {[%cal Gb4b5]} f5 26. g3 Rf7 27. b5
axb5 28. cxb5 Be8 29. Qc4 h6 30. Re6 Rd8 31. Kf2 Kf8 32. Qc5+ Kg8 33. Qc4 Kf8
34. Ke1 (34. Re5 {[%csl Rf5,Rf8][%cal Ge5f5]}) 34... Rfd7 35. Qc5+ Kg8 36. Re7
Rd1+ 37. Kf2 R1d2+ 38. Ke3 Bf7 $17 39. Rxf7 $1 R2d3+ (39... Kxf7 40. Qxf5+ Kg8
41. Qxe4 $13 {[%csl Gb5][%cal Ge4b7,Gb5b8]}) 40. Ke2 Kxf7 41. Qxf5+ Kg8 42.
Qxe4 R3d7 (42... R8d7 43. Qxd3 $1) 43. h4 Kf8 $1 {[%cal Gd7e7]} 44. Qf5+ Rf7
45. Qc5+ Re7+ 46. Kf3 Rde8 47. h5 Kg8 48. Qd5+ Kh8 49. b6 Rf8+ 50. Kg4 Ref7 51.
Kh4 Kg8 52. b4 Rc8 53. b5 Rc3 54. Qd8+ Kh7 55. Qd5 Rcf3 56. Qe4+ Kh8 57. Qe8+
Rf8 58. Qe4 R3f7 1/2-1/2

[Event "Olympiad-32"]
[Site "Yerevan"]
[Date "1996.09.25"]
[Round "9.1"]
[White "Rogers, Ian"]
[Black "Baburin, Alexander"]
[Result "1/2-1/2"]
[WhiteElo "2575"]
[BlackElo "2545"]
[Annotator "Rogers,I"]
[PlyCount "51"]
[EventDate "1996.09.15"]
[EventType "team-swiss"]
[EventRounds "14"]
[EventCountry "ARM"]
[SourceTitle "CBM 055"]
[Source "ChessBase"]
[SourceDate "1996.12.01"]
[SourceVersion "1"]
[SourceVersionDate "1996.12.01"]
[SourceQuality "1"]
[WhiteTeam "Australia"]
[BlackTeam "Ireland"]
[WhiteTeamCountry "AUS"]
[BlackTeamCountry "IRL"]

1. e4 c5 2. Nf3 d6 3. d4 cxd4 4. Nxd4 Nf6 5. Nc3 a6 6. Bc4 e6 7. Bb3 Nbd7 8.
O-O Nc5 9. f4 Qc7 $5 ({After considerable thought, the Irish player avoids the
risky main line} 9... Nfxe4 {with which Kasparov lost to Topalov earlier in
1996 after} 10. Nxe4 Nxe4 11. f5 e5 12. Qh5 Qe7 ({Short later improved with} 
12... d5 $5 {and beat Topalov (0-1 (46) Topalov,V (2700)-Short,N (2665)
Amsterdam 1996 CBM 052 [Donev]), but at the time this game was played even
that line was under a cloud because of} 13. Bf4 $5 exf4 14. Rae1 $1 {when
White was (wrongly) thought to have a vicious attack.}) 13. Qf3 Nc5 14. Nc6 Qc7
15. Bd5 {1-0 (66) Topalov,V (2700)-Kasparov,G (2775) Amsterdam 1996 CBM 052 
[Boensch,U]}) 10. Qf3 Be7 11. f5 O-O 12. Be3 ({After the immediate} 12. fxe6
fxe6 13. Nf5 Bd8 {White has nothing.}) 12... Kh8 ({Now if} 12... Bd7 13. fxe6
fxe6 14. Nf5 $1 {is strong since} Bd8 {can be met by} 15. Qg3) 13. g4 $5 b5 14.
g5 Nfxe4 $1 15. Nxe4 Bb7 16. g6 $1 ({White was tempted by the immediate} 16.
Nxe6 {but unfortunately after} fxe6 17. g6 Nxe4 $1 18. Qh3 Nf6 19. Bg5 Bd8 $1 {
White's attack has come to an end.}) 16... Bxe4 ({This is forced in view of} 
16... fxg6 17. Nxc5 $1 dxc5 (17... Bxf3 18. Ncxe6) 18. Nxe6) ({or} 16... Nxe4
17. Qh3 Nf6 18. Bg5 {White winning in both cases.}) 17. Nxe6 $1 Bxf3 $1 ({Not} 
17... fxe6 18. Qh5 h6 19. Bxh6 {and mates}) 18. Nxc7 Nxb3 ({I had forgotten
about this in my original calculations, expecting only} 18... Rac8 19. Bxf7 {
when Black is in big trouble. Now it is White who must play accurately to hold
a draw.}) 19. cxb3 Rac8 20. Rxf3 Rxc7 21. Rh3 Bf6 $1 {Sensible play - White
can win the h pawn but then his rook is out of play and only Black would have
winning chances.} (21... fxg6 22. fxg6 Rf6 23. gxh7 {would be an immediate
draw.}) 22. Bf4 $5 Bxb2 23. Re1 ({The careless} 23. Rd1 $2 {would hand the
initiative to Black after} Be5) 23... Bd4+ 24. Kh1 Be5 25. Bxe5 dxe5 26. Rxe5 (
{After} 26. Rxe5 Rc1+ 27. Kg2 Rc2+ 28. Kg1 (28. Kf1 $2 fxg6) 28... Rc1+ {
neither side can reasonably play for a win.} (28... Rd8 $2 29. Rd3 $1)) 1/2-1/2

[Event "Olympiad-32"]
[Site "Yerevan"]
[Date "1996.09.23"]
[Round "7.3"]
[White "Solomon, Stephen J"]
[Black "Nguyen, Anh Dung"]
[Result "1/2-1/2"]
[WhiteElo "2385"]
[BlackElo "2465"]
[Annotator "Rogers,I"]
[PlyCount "85"]
[EventDate "1996.09.15"]
[EventType "team-swiss"]
[EventRounds "14"]
[EventCountry "ARM"]
[SourceTitle "CBM 055"]
[Source "ChessBase"]
[SourceDate "1996.12.01"]
[SourceVersion "1"]
[SourceVersionDate "1996.12.01"]
[SourceQuality "1"]
[WhiteTeam "Australia"]
[BlackTeam "Vietnam"]
[WhiteTeamCountry "AUS"]
[BlackTeamCountry "VIE"]

1. e4 c5 2. Nf3 d6 3. d4 cxd4 4. Nxd4 Nf6 5. Nc3 a6 6. Bc4 e6 7. Bb3 Nbd7 8.
O-O Nc5 9. f4 Be7 10. e5 Nfe4 $5 11. Nxe4 Nxe4 12. Qf3 $2 ({White should save
his bishop by playing} 12. c3 {with the added point that Black cannot castle
in reply due to the variation} O-O 13. Bc2 Nc5 14. b4 $1 Nd7 15. Qd3 g6 16.
exd6 {with a winning position.}) 12... Nc5 $6 ({Not bad, but} 12... dxe5 {
looks even better, e.g.} 13. Ba4+ Kf8 14. Nxe6+ Bxe6 15. Qxe4 Qd4+ 16. Qxd4
exd4 {with a better endgame for Black.}) 13. Be3 O-O 14. Rad1 Qc7 15. Qh5 Nxb3
16. cxb3 $6 {A far too optimistic idea which merely prevents the knight on d4
from being supported by a later c3.} dxe5 17. fxe5 f5 $1 18. exf6 Bxf6 19. Rc1
Qf7 20. Qxf7+ Rxf7 21. Rf2 Bd7 22. Rc7 $6 Rc8 23. Rxc8+ Bxc8 24. Nf3 Rd7 25. g4
b5 26. g5 Rd1+ 27. Rf1 $4 {This simply loses a pawn.} Rxf1+ 28. Kxf1 Bxb2 29.
Bf4 Bb7 30. Ke2 $5 {Worth a try - the bishop ending is of course lost but it
is not as easy as it looks.} Bxf3+ 31. Kxf3 Kf7 32. h4 Bc3 33. h5 g6 34. h6 $1
e5 35. Bc1 Ke6 36. Ke4 Be1 $6 {A step in the wrong direction.} ({Black can win
by playing} 36... b4 $1 37. Be3 Bd4 $1 38. Bd2 a5 39. Bc1 Bf2 40. Kf3 Be1 41.
Ke4 Bg3 42. Be3 Bf4 43. Bxf4 exf4 44. Kxf4 Kd5 {and the g pawn will fall.}) 37.
Be3 b4 $4 ({It was not too late for Black to retrace his steps with} 37... Bb4
38. Bb6 Be7 39. Be3 Bd8 40. Bd2 Bb6 41. Bc1 b4 {etc.}) 38. Bb6 Bc3 39. Bd8 {
Now Black cannot make progress.} Bb2 40. Bf6 Bd4 41. Bg7 Bc3 42. Bf6 Bd2 43.
Bd8 {A typical 'great escape' by Solomon.} 1/2-1/2

[Event "Moscow-ch op"]
[Site "Moscow"]
[Date "1995.??.??"]
[Round "10"]
[White "Saulin, Dmitri"]
[Black "Shipov, Sergei"]
[Result "1-0"]
[WhiteElo "2345"]
[BlackElo "2510"]
[Annotator "Shipov,S"]
[PlyCount "80"]
[EventDate "1995.??.??"]
[EventType "swiss"]
[EventRounds "11"]
[EventCountry "RUS"]
[SourceTitle "EXT 1997"]
[Source "ChessBase"]
[SourceDate "1996.11.15"]
[SourceVersion "1"]
[SourceVersionDate "1996.11.15"]
[SourceQuality "1"]

1. e4 c5 2. Nf3 e6 3. d4 cxd4 4. Nxd4 Nf6 5. Nc3 d6 6. Bc4 a6 7. Bb3 Nbd7 8. f4
Nc5 9. e5 Nfd7 10. exd6 (10. Qe2 $2 dxe5 11. fxe5 Qh4+ $1 $17) 10... Nf6 11.
Be3 Bxd6 12. Qf3 Qc7 (12... Nxb3 13. axb3 O-O $5 14. O-O-O Qa5 15. Kb1 Bb4 16.
Ne4 Nd5 17. Bc1 Bd7 18. c3 Be7 19. Rhe1 Rac8 $132 {Thorhallsson,T-Van Wely,L/
Akureyri/1994/0:1/40/}) 13. O-O-O (13. Ndb5 $2 axb5 14. Nxb5 Qa5+ $19) 13...
Bd7 14. Kb1 (14. g4 Nxb3+ $1 15. axb3 O-O-O 16. g5 (16. h3 h5 $1) 16... Nd5 $1
17. Nxd5 exd5 18. Kb1 Rhe8 19. Rd3 Kb8 $10 {Janovsky,S-Timoshchenko,G/Hastings/
1991/0:1/34/}) (14. Rhe1 Nxb3+ (14... O-O $5) 15. axb3 O-O-O (15... O-O $5) 16.
Kb1 Kb8 17. h3 Rhe8 18. Qf2 $1 Rc8 19. Nf3 Bc6 20. Bb6 Qe7 21. Ne5 $14 {
Magomedov,M-Quinn,M/Moscow(ol)/1994/1:0/42/}) 14... O-O $1 $146 (14... O-O-O
15. g4 (15. h3) 15... Nxb3 16. axb3 Rhe8 (16... e5 $5) 17. Rd3 Bc6 18. Nxc6 $14
{Hernandez,G-Vera,R/CUB/1993/0,5/20/}) 15. g4 Nxb3 (15... e5 $2 16. fxe5 Bxe5
17. g5 $1 Bg4 (17... Ng4 18. Nd5 $36) 18. Qg2 $1 Bxd1 19. gxf6 $16) 16. cxb3 $6
(16. axb3 $142 Rfe8 $1 $10 17. g5 $140 Nd5 18. Nxd5 exd5 $132 {>< f4,f5/})
16... Rae8 $1 (16... Rfe8 17. Rc1 $1 $36) 17. g5 (17. Rc1 Qb8 $1) (17. Rhg1 Nd5
$1 $15) (17. Bc1 $142 $1 e5 (17... Nd5 18. Nce2 $1 $132) 18. fxe5 Bxe5 19. Rhg1
$1 $13) 17... Nd5 18. Nxd5 exd5 19. f5 Re4 20. Rd3 Rfe8 21. Rf1 (21. h4 Bf4 $1
$17) 21... Bc5 $1 $17 {^^,>< f5,Nd4/} 22. g6 Qe5 $2 (22... fxg6 $1 23. fxg6 (
23. Rc3 Qd6 $17) 23... Rf8 24. gxh7+ (24. Qxf8+ $2 Bxf8 25. Rxf8+ Kxf8 26. gxh7
Rh4 $19) 24... Kh8 (24... Kxh7 $2 25. Qh5+) 25. Qxf8+ (25. Qe2 Rxf1+ 26. Qxf1
Rxe3 $1 27. Rxe3 Bxd4 28. Qf8+ Kxh7 29. Re7 Qc8 $19) 25... Bxf8 26. Rxf8+ Kxh7
$17) 23. gxf7+ Kxf7 24. Bf4 $1 Qf6 $2 (24... Re1+ $1 25. Kc2 Rxf1 $1 26. Qh5+
Kg8 27. Bxe5 Rxe5 $44) 25. Ne6 Bxe6 (25... Kg8 $2 26. Nxc5 Bxf5 27. Bc1 $1 $18)
26. Qh5+ $1 (26. fxe6+ $2 R8xe6 27. Qh5+ Kg8 28. Qxd5 Bf8 $15) 26... Kf8 (26...
g6 27. Qxh7+ Qg7 28. fxe6+ R4xe6 29. Be5+ $18) (26... Kg8 $2 27. Qxe8+) (26...
Ke7 $2 27. Bg5) 27. fxe6 R4xe6 (27... Be7 28. Rdf3 $1 $36) (27... Rxf4 $2 28.
Rxf4 Qxf4 29. Rf3 $18) 28. Bd6+ Bxd6 29. Rxf6+ Rxf6 30. a3 $16 h6 31. Qxd5 b6 (
31... Bxh2 $5) 32. h4 a5 (32... Be7 $5) 33. Rf3 $1 Be5 34. Rxf6+ Bxf6 $2 $138 (
34... gxf6 $16) 35. Qd6+ Kg8 36. Qxb6 Re2 37. h5 Rxb2+ 38. Kc1 a4 39. Qe6+ Kh8
40. Qxf6 $1 $18 Rxb3 (40... gxf6 41. Kxb2 f5 42. bxa4 f4 43. Kc3 $18) 1-0

[Event "RUS-ch"]
[Site "Elista"]
[Date "1994.??.??"]
[Round "11"]
[White "Bezgodov, Alexei"]
[Black "Shipov, Sergei"]
[Result "0-1"]
[WhiteElo "2440"]
[BlackElo "2525"]
[Annotator "Shipov,S"]
[PlyCount "76"]
[EventDate "1994.09.??"]
[EventType "swiss"]
[EventRounds "11"]
[EventCountry "RUS"]
[SourceTitle "CBM 044"]
[Source "ChessBase"]
[SourceDate "1995.02.01"]
[SourceVersion "1"]
[SourceVersionDate "1995.02.01"]
[SourceQuality "1"]

1. e4 c5 2. Nf3 d6 3. d4 cxd4 4. Nxd4 Nf6 5. Nc3 a6 6. Bc4 e6 7. Bb3 Nbd7 8. f4
Nc5 9. Qf3 Be7 10. Be3 (10. O-O) 10... Qc7 $1 11. f5 (11. g4 $2 b5 $1 12. g5
Nfxe4 13. Nxe4 Bb7 $17) (11. O-O b5 $5 12. f5 e5 13. Nde2 Nxb3 14. cxb3 Bb7 $15
) 11... O-O (11... b5 $2 12. fxe6 fxe6 13. e5 $1 Bb7 14. Qh3 dxe5 15. Nxe6 $16)
12. g4 (12. O-O e5 13. Nde2 Nxb3 14. cxb3 $1 b5 15. Rac1 Qd7 $10) 12... b5 $1
13. g5 Nfxe4 $8 14. Nxe4 (14. f6 $5 Bb7 $1 15. fxe7 Qxe7 16. Nxe4 Bxe4 17. Qf1
$13) 14... Bb7 15. fxe6 (15. Nxe6 $5 fxe6 16. Bxc5 dxc5 17. Bxe6+ Kh8 18. O-O
$1 Bxg5 19. Rae1 $10) 15... Bxe4 (15... fxe6 $2 16. Qh3 Nxe4 17. Nxe6 Qa5+ 18.
c3 $16) 16. exf7+ Kh8 17. Qh3 $6 (17. Qh5 $32 Nxb3 $1 (17... Bxh1 $4 18. g6 h6
19. Bxh6 $18) (17... Bxg5 $2 18. Qxg5 Bxh1 19. Nf5 $18) (17... g6 $2 18. O-O $3
gxh5 19. Nxb5 $18) 18. axb3 Bg6 $1 (18... Bxg5 $5) 19. Qe2 Qb7 20. O-O-O Rxf7
$15) 17... Bxg5 $1 (17... Bxh1 $4 18. g6 $18) (17... Nxb3 18. axb3 Rxf7 19. Rg1
Kg8 $15) 18. Rf1 (18. Bxg5 Bxh1 19. O-O-O Be4 20. Ne6 Qd7 $1 $17) 18... Bxe3
19. Qxe3 d5 $17 20. Qf4 $1 Ra7 21. Qxc7 Rxc7 22. Kd2 $1 Rcxf7 23. Rxf7 Rxf7 24.
Kc3 (24. Re1 $5) 24... Rf2 $1 (24... a5 $2 25. Nxb5 a4 26. Bxd5 $1 Bxd5 27. Kd4
$16) 25. Kb4 (25. h4 $5) 25... Nxb3 $1 (25... Nd7 26. Ka5 $1 $13) 26. axb3 Rxh2
27. Rxa6 h5 $2 (27... g5 $1 28. Kxb5 g4 29. b4 g3 30. Ra1 g2 31. Ne2 Rh1 32.
Ng1 h5 33. Kc5 h4 34. b5 Rxg1 $19) 28. Kxb5 h4 29. b4 $1 Rf2 (29... Bxc2 $32
$17) 30. Ra3 $1 Bg2 (30... g5 31. Kc5 g4 32. b5 $36) 31. Kc5 $1 h3 32. b5 h2
33. b6 $2 $138 (33. Ra1 $1 Rf1 (33... Bf1 34. b6 h1=Q 35. b7 $14) 34. Ra8+ Kh7
35. b6 Rf7 36. Ra1 h1=Q 37. Rxh1+ Bxh1 38. Kc6 $10) 33... h1=Q 34. b7 Rf8 35.
Ra8 Qf1 $1 36. Nc6 Qf2+ 37. Kb5 (37. Kd6 d4 $19) 37... d4 $19 38. Rxf8+ Qxf8
0-1